000 00542nam a2200181Ia 4500
001 2657
005 20260306144823.0
008 260306t2010||||xx |||||||||||||| ||spa||
041 _aESP
082 _a201
_bE66
100 _aEntwistle, David N.
_eAUT
245 0 _aIntegrative approaches to psychology and christianity:
_ban introduction to worldview issues, philosophical foundations, and models of integration
260 _c2010
300 _axiv, 325 páginas :
_c25 cm.
650 _aGEN
654 _aCHU
942 _cLIB
_dJUS
_fJUS
_2ddc
_n
999 _c2657
_d2657